000 00304nam a22001337a 4500
008 181205b xxu||||| |||| 00| 0 eng d
020 _a9780394739694
041 _aeng
080 _a721
100 _a41
101 _aNDE
245 _aA Field Guide to American Houses
_cAlester,V.M
942 _2udc
_cBK
999 _c52863
_d52863